Masalah hukum sehari-hari / (Record no. 88999)

MARC details
000 -LEADER
fixed length control field 00621cam a22002171a 4500
001 - CONTROL NUMBER
control field sa 68019621
003 - CONTROL NUMBER IDENTIFIER
control field DLC
005 - DATE AND TIME OF LATEST TRANSACTION
control field 20260227112719.0
008 - FIXED-LENGTH DATA ELEMENTS--GENERAL INFORMATION
fixed length control field 830414m19649999io 000 0 ind
010 ## - LIBRARY OF CONGRESS CONTROL NUMBER
LC control number sa 68019621
035 ## - SYSTEM CONTROL NUMBER
System control number (OCoLC)9408575
040 ## - CATALOGING SOURCE
Original cataloging agency DLC
Transcribing agency OAU
Modifying agency OAU
-- DLC
042 ## - AUTHENTICATION CODE
Authentication code premarc
043 ## - GEOGRAPHIC AREA CODE
Geographic area code a-io---
050 00 - LIBRARY OF CONGRESS CALL NUMBER
Classification number LAW <Indonesia 7 Poed 1967>
100 1# - MAIN ENTRY--PERSONAL NAME
Personal name Poedjosoebroto, Santoso,
Titles and words associated with a name R.
245 10 - TITLE STATEMENT
Title Masalah hukum sehari-hari /
Statement of responsibility, etc. oleh R. Santoso Poedjosoebroto.
260 ## - PUBLICATION, DISTRIBUTION, ETC.
Place of publication, distribution, etc. Jogjakarta :
Name of publisher, distributor, etc. Hien Hoo Sing,
Date of publication, distribution, etc. [1964?]-
300 ## - PHYSICAL DESCRIPTION
Extent v. ;
Dimensions 22 cm.
650 #0 - SUBJECT ADDED ENTRY--TOPICAL TERM
Topical term or geographic name entry element Law
Geographic subdivision Indonesia
General subdivision Popular works.

No items available.

Powered by Koha